Loading...
| Literature - European | 0 | 6 | 0 | 0 | 60 | 70 | 88.50 | 1 | 6 | 10.02 | 33.33 |
| Fine Arts - Classical Music | 0 | 6 | 1 | 0 | 55 | 51 | 81.67 | 5 | 5 | 14.81 | 43.33 |
| Fine Arts - Other | 0 | 5 | 0 | 0 | 50 | 86 | 98.00 | 1 | 3 | 4.38 | 21.67 |
| Fine Arts - Painting and Sculpture | 0 | 4 | 1 | 0 | 35 | 86 | 91.50 | 1 | 4 | 7.46 | 28.33 |
| Literature - British | 0 | 3 | 0 | 0 | 30 | 87 | 94.00 | 0 | 3 | 4.42 | 18.33 |
| Mythology | 0 | 3 | 0 | 0 | 30 | 78 | 92.00 | 1 | 2 | 4.95 | 18.33 |
| Science - Chemistry | 0 | 3 | 0 | 1 | 30 | 66 | 82.33 | 1 | 2 | 4.36 | 15.00 |
| Literature - American | 0 | 4 | 2 | 0 | 30 | 85 | 118.50 | 1 | 4 | 2.28 | 25.00 |
| Science - Physics | 0 | 3 | 1 | 0 | 25 | 68 | 84.00 | 1 | 1 | 4.86 | 13.33 |
| History - World | 0 | 2 | 0 | 0 | 20 | 73 | 86.50 | 1 | 1 | 3.47 | 10.00 |
| History - European | 0 | 3 | 2 | 2 | 20 | 68 | 81.00 | 0 | 0 | 5.59 | 6.67 |
| Literature - World | 0 | 2 | 1 | 0 | 15 | 58 | 86.00 | 2 | 2 | 5.06 | 16.67 |
| History - American | 0 | 2 | 1 | 0 | 15 | 38 | 59.00 | 1 | 2 | 7.67 | 15.00 |
| Religion | 0 | 2 | 1 | 0 | 15 | 89 | 91.00 | 0 | 1 | 3.41 | 10.00 |
| Philosophy | 0 | 1 | 0 | 0 | 10 | 105 | 105.00 | 0 | 1 | 0.09 | 6.00 |
| Social Science | 0 | 1 | 0 | 0 | 10 | 45 | 45.00 | 0 | 1 | 6.39 | 7.50 |
| Science - Biology | 0 | 1 | 0 | 0 | 10 | 65 | 65.00 | 1 | 1 | 3.41 | 6.67 |
| Popular Culture | 0 | 1 | 1 | 0 | 5 | 95 | 95.00 | 0 | 0 | 3.02 | 3.33 |
| History - Other | 0 | 1 | 2 | 0 | 0 | 60 | 60.00 | 1 | 1 | 3.48 | 8.33 |
| Geography | 0 | 0 | 1 | 0 | -5 | 0.00 | 0 | 0 | 0.00 | 0.00 | |
| Science - Other | 0 | 0 | 1 | 0 | -5 | 0.00 | 0 | 0 | 0.00 | 0.00 |